Normal view
MARC view
Entry Meeting Name
001 - CONTROL NUMBER
- control field: 36927
003 - CONTROL NUMBER IDENTIFIER
- control field: OSt
005 - DATE AND TIME OF LATEST TRANSACTION
- control field: 20211105135916.0
008 - FIXED-LENGTH DATA ELEMENTS
- fixed length control field: 211105|| aca||aabn | a|a d
040 ## - CATALOGING SOURCE
- Original cataloging agency: OSt
- Transcribing agency: OSt
111 ## - HEADING--MEETING NAME
- Meeting name or jurisdiction name as entry element: Lectures Given At the C.I.M.E Summer School
- Location of meeting: Cetraro, Italy
- Date of meeting or treaty signing: 2001 July 2-10
670 ## - SOURCE DATA FOUND
- Source citation: Work cat.: (OSt): Lectures Given At the C.I.M.E Summer School Cetraro, Italy 2001 July 2-10, Lectures on topological Fluid Mechanics, 2009